000
00265nam a2200109Ia 4500
008
190216s9999||||xx |||||||||||||| ||und||
100
_a
Michael Batty
245
0
_a
Micro Computer Graphics
260
_b
"Chapman And Hall, London"
_c
1987
300
_a
333p
942
_c
BK
999
_c
8353
_d
8353